LEADER 01584nas 22004693a 450 001 996205338003316 005 20210802042417.4 011 $a1937-4135 035 $a(OCoLC)170933420 035 $a(CKB)2670000000083225 035 $a(CONSER)--2007213864 035 $a(EXLCZ)992670000000083225 100 $a20070911b20072009 s-- a 101 0 $aeng 135 $aur||||||||||| 181 $ctxt$2rdacontent 182 $cc$2rdamedia 183 $acr$2rdacarrier 200 10$aCity limits investigates 210 $aNew York $cCity Futures$d2007- 300 $aWebsite also has back issues for earlier title. 311 $a1937-4127 606 $aCommunity development, Urban$zNew York (State)$zNew York$vPeriodicals 606 $aReal estate development$zNew York (State)$zNew York$vPeriodicals 606 $aUrban homesteading$zNew York (State)$zNew York$vPeriodicals 606 $aCommunity development, Urban$2fast$3(OCoLC)fst00870882 606 $aReal estate development$2fast$3(OCoLC)fst01090973 606 $aUrban homesteading$2fast$3(OCoLC)fst01162459 607 $aNew York (State)$zNew York$2fast 608 $aElectronic journals. 608 $aPeriodicals.$2fast 615 0$aCommunity development, Urban 615 0$aReal estate development 615 0$aUrban homesteading 615 7$aCommunity development, Urban. 615 7$aReal estate development. 615 7$aUrban homesteading. 676 $a353 906 $aJOURNAL 912 $a996205338003316 996 $aCity limits investigates$92578697 997 $aUNISA LEADER 01644nam 2200421 450 001 9910704898103321 005 20130827152059.0 035 $a(CKB)5470000002444750 035 $a(OCoLC)857063185 035 $a(EXLCZ)995470000002444750 100 $a20130827d2013 ua 0 101 0 $aeng 135 $aur||||||||||| 181 $ctxt$2rdacontent 182 $cc$2rdamedia 183 $acr$2rdacarrier 200 10$aCultural property$ememorandum of understanding between the United States of America and Greece signed at Athens, July 17, 2011 210 1$a[Washington, D.C.] :$cUnited States Department of State,$d[2013?] 215 $a1 online resource (14 unnumbered pages) 225 1 $aTreaties and other international acts series ;$v11-1121 300 $aTitle from title screen (viewed on August 27, 2013). 517 $aCultural property 606 $aCultural property$xProtection$xLaw and legislation$zUnited States 606 $aCultural property$xProtection$xLaw and legislation$zGreece 606 $aCustoms administration$xLaw and legislation$zGreece 606 $aCustoms administration$xLaw and legislation$zUnited States 615 0$aCultural property$xProtection$xLaw and legislation 615 0$aCultural property$xProtection$xLaw and legislation 615 0$aCustoms administration$xLaw and legislation 615 0$aCustoms administration$xLaw and legislation 712 02$aUnited States, 712 02$aUnited States.$bDepartment of State, 801 0$bGPO 801 1$bGPO 906 $aBOOK 912 $a9910704898103321 996 $aCultural property$93439492 997 $aUNINA LEADER 02946nas 2200781-a 450 001 9910134591003321 005 20240620213015.0 035 $a(CKB)110990112640102 035 $a(CONSER)---86649976- 035 $a(EXLCZ)99110990112640102 100 $a19860114a19859999 -b- a 101 0 $aeng 181 $ctxt$2rdacontent 182 $cc$2rdamedia 183 $acr$2rdacarrier 200 00$aOhio State journal on dispute resolution 210 $a[Columbus, OH] $cOhio State University College of Law$d[1985]- 215 $a1 online resource 300 $aRefereed/Peer-reviewed 300 $aBeginning with v. 7, no. 3, includes an annual bibliography issue that continues: Dispute resolution : a selected bibliography 1987-1988 / Carole L. Hinchcliff. [1991?]. 311 08$aPrint version: Ohio State journal on dispute resolution. 1046-4344 (DLC) 86649976 (OCoLC)13019638 517 1 $aJournal on dispute resolution 517 1 $aJDR 517 1 $aOhio St. J. on Disp. Resol 531 $aOHIO STATE JOURNAL ON DISPUTE RESOLUTION THE 531 0 $aOhio State j. dispute resolut. 606 $aDispute resolution (Law)$zUnited States$vPeriodicals 606 $aMediation$zUnited States$vPeriodicals 606 $aDispute resolution (Law)$2fast$3(OCoLC)fst00895372 606 $aMediation$2fast$3(OCoLC)fst01013617 606 $aDispute resolution (Law)$zUnited States$vPeriodicals$2nli 606 $aMediation$zUnited States$vPeriodicals$2nli 606 $aAdministration de la justice$2rasuqam 606 $aArbitrage (Droit)$2rasuqam 606 $aDroit$2rasuqam 606 $aMédiation$2rasuqam 606 $aRèglement de litige$2rasuqam 607 $aUnited States$2fast$1https://id.oclc.org/worldcat/entity/E39PBJtxgQXMWqmjMjjwXRHgrq 607 $aÉtats-Unis$2rasuqam 608 $aPériodique électronique (Descripteur de forme) 608 $aRessource Internet (Descripteur de forme) 608 $aLaw reviews.$2fast 608 $aPeriodicals.$2fast 608 $aInternet resources.$2gtlm 608 $aLaw reviews.$2lcgft 608 $aElectronic journals.$2gtlm 615 0$aDispute resolution (Law) 615 0$aMediation 615 7$aDispute resolution (Law) 615 7$aMediation. 615 7$aDispute resolution (Law) 615 7$aMediation 615 7$aAdministration de la justice. 615 17$aArbitrage (Droit) 615 7$aDroit. 615 17$aMédiation. 615 7$aRèglement de litige. 676 $a347.771/09 676 $a347.71079 701 $aHinchcliffe$b Carole L$01074560 712 02$aOhio State University.$bCollege of Law. 712 02$aMoritz College of Law. 712 02$aAmerican Bar Association.$bSection of Dispute Resolution. 906 $aJOURNAL 912 $a9910134591003321 920 $aexl_impl conversion 996 $aOhio State journal on dispute resolution$92577215 997 $aUNINA